Państwa według podpowiedzi - litera P - Statystyki

Ogólne statystyki
  • Ten quiz został rozwiązany 42 razy
  • Średni wynik to 7 z 8
Statystyki odpowiedzi
Podpowiedź Państwo % Poprawnych
Sąsiad Hiszpanii Portugalia
97%
W latach 1949-1989 graniczyło z trzema państwami które obecnie już nie istnieją Polska
91%
Leży pomiędzy Brazylią a Argentyną Paragwaj
88%
Graniczy z Ameryką Południową Panama
81%
Jest drugim największym państwem w Oceanii Papua-Nowa Gwinea
81%
W 1965 roku miało wojnę z Indiami o Region Kaszmiru Pakistan
78%
Żyje tu ponad 1800 gatunków ptaków Peru
78%
Jego motto to "Koniec tęczy" Palau
56%
Nie znaleziono quizów pasujących do podanych kryteriów
Rozkład punktacji
Procent ludzi z każdym wynikiem
Percentyl według liczby udzielonych odpowiedzi
Twoja historia wyników
Nie rozwiązałeś tego quizu